Business periodicals collection

Tallennettuna:
Bibliografiset tiedot
Aineistotyyppi: Kirja
Kieli:Undetermined
Julkaistu: Ipswich, MA. Ebsco 2005
Aiheet:
Tagit: Lisää tagi
Ei tageja, Lisää ensimmäinen tagi!
Thư viện lưu trữ: Trung tâm Học liệu Trường Đại học Cần Thơ
LEADER 00398nam a2200157Ia 4500
001 CTU_103511
008 210402s9999 xx 000 0 und d
082 |a 338 
082 |b B979/Dis.1 
245 0 |a Business periodicals collection 
260 |a Ipswich, MA. 
260 |b Ebsco 
260 |c 2005 
650 |a Business 
904 |i Truc 
980 |a Trung tâm Học liệu Trường Đại học Cần Thơ